| 000 | 00755cab a2200241 4500 | ||
|---|---|---|---|
| 001 | WB2737-59 | ||
| 008 | 090401t1991 xxu||||| |||| 00| 0 eng d | ||
| 035 | _a(Sirsi) u59615 | ||
| 041 | _aeng | ||
| 245 | _aAssessment of Professional Competence launched | ||
| 260 | _c1991 | ||
| 350 | _a0 | ||
| 490 |
_aCS Monthly : Rural Practice _v(1) September 1991, 1(1) |
||
| 520 | _aReviews the new Assessment of Professional Competence (APC) for rural practice division. | ||
| 650 |
_aAPC _96216 |
||
| 650 | _aCAREERS, EDUCATION AND TRAINING | ||
| 650 | _aPROFESSIONAL QUALIFICATIONS | ||
| 650 | _aRICS RURAL PRACTICE DIVISION | ||
| 650 | _aTPC | ||
| 690 | _aMANAGEMENT-BUSINESS MANAGEMENT-PROFESSIONAL PRACTICE | ||
| 942 | _n0 | ||
| 948 | _c04/03/1997 | ||
| 999 |
_c36598 _d36598 |
||